German Translations - Countries #2 - Statistics

General Stats
  • This quiz has been taken 162 times
    63 since last reset
  • The average score is 17 of 18
Answer Stats
Hint Answer % Correct
Zypern Cyprus
100%
Vereinigte Arabische Emirate United Arab Emirates
100%
Simbabwe Zimbabwe
100%
Moldawien Moldova
98%
Mongolei Mongolia
98%
Vereinigtes Königreich United Kingdom
98%
Aserbaidschan Azerbaijan
97%
Estland Estonia
97%
Griechenland Greece
97%
Ungarn Hungary
97%
Kasachstan Kazakhstan
97%
Libyen Libya
97%
Litauen Lithuania
97%
Slowenien Slovenia
97%
Tadschikistan Tajikistan
97%
Ägypten Egypt
95%
Malediven Maldives
95%
Lettland Latvia
88%
No matching quizzes found
Score Distribution
Percent of People with Each Score
Percentile by Number Answered
Your Score History
You have not taken this quiz since the last reset